| 000 | 00387nam a2200145Ia 4500 | ||
|---|---|---|---|
| 008 | 231129s1997||||xx |||||||||||||| ||spa|| | ||
| 020 | _a958-94-0127-9 | ||
| 040 | _bspa | ||
| 082 | _a782.42083 C198r | ||
| 100 | _aCampo Sanchez Gladys Elena | ||
| 245 | 0 | _aRondas y canciones infantiles | |
| 260 | _c1997 | ||
| 264 | _aKinesis | ||
| 942 |
_2ddc _cBKS |
||
| 999 |
_c24176 _d24176 |
||